Piłkarska kariera Wojciecha Szczęsnego. - Statystyki

Ogólne statystyki
  • Ten quiz został rozwiązany 428 razy
  • Średni wynik to 5 z 6
Statystyki odpowiedzi
Lata Drużyna % Poprawnych
2017-teraz Juventus
99%
2008-2009 Arsenal
95%
2010-2015 Arsenal
95%
2017-2017 Arsenal
95%
2015-2017 Roma
82%
2009-2010 Brentford
24%
Nie znaleziono quizów pasujących do podanych kryteriów
Rozkład punktacji
Procent ludzi z każdym wynikiem
Percentyl według liczby udzielonych odpowiedzi
Twoja historia wyników
Nie rozwiązałeś tego quizu